|
|
|
|
| LEADER |
01340nam a2200373Ia 4500 |
| 001 |
EBC547183 |
| 003 |
MiAaPQ |
| 005 |
20200520144314.0 |
| 006 |
m o d | |
| 007 |
cr cn||||||||| |
| 008 |
100324s2010 nju s 001 0 eng d |
| 010 |
|
|
|z 2010006832
|
| 020 |
|
|
|z 9780470587898 (cloth)
|
| 035 |
|
|
|a (MiAaPQ)EBC547183
|
| 035 |
|
|
|a (Au-PeEL)EBL547183
|
| 035 |
|
|
|a (CaPaEBR)ebr10399072
|
| 035 |
|
|
|a (CaONFJC)MIL265393
|
| 035 |
|
|
|a (OCoLC)654104804
|
| 040 |
|
|
|a MiAaPQ
|c MiAaPQ
|d MiAaPQ
|
| 050 |
|
4 |
|a HD2421
|b .W68 2010
|
| 082 |
0 |
4 |
|a 658/.049
|2 22
|
| 100 |
1 |
|
|a Worth, Steven M.
|
| 245 |
1 |
4 |
|a The association guide to going global
|h [electronic resource] :
|b new strategies for a changing economic landscape /
|c Steven M. Worth.
|
| 260 |
|
|
|a Hoboken, N.J. :
|b Wiley,
|c c2010.
|
| 300 |
|
|
|a xiii, 208 p.
|
| 500 |
|
|
|a Includes index.
|
| 533 |
|
|
|a Electronic reproduction. Ann Arbor, MI : ProQuest, 2015. Available via World Wide Web. Access may be limited to ProQuest affiliated libraries.
|
| 650 |
|
0 |
|a Trade associations.
|
| 650 |
|
0 |
|a Associations, institutions, etc.
|
| 650 |
|
0 |
|a International business enterprises.
|
| 650 |
|
0 |
|a Globalization.
|
| 655 |
|
4 |
|a Electronic books.
|
| 710 |
2 |
|
|a ProQuest (Firm)
|
| 856 |
4 |
0 |
|u https://ebookcentral.proquest.com/lib/matrademy/detail.action?docID=547183
|z Click to View
|